000 00547cam3a220018100 4500
001 tmp16044106
003 UPRA
005 20190815094519.0
008 951129s1985 sa eng u
035 _a(Sirsi) r75488
035 _a(UPRA)tmp16044106
040 _cUPRA
100 1 _aSpargo, P. E.
_6A35891.1
245 1 0 _aCoal in the Kruger Park :
_ba decision making case study /
_cP.E. Spargo.
260 _aCapetown :
_bScience Education Unit, University of Capetown,
_c1985.
949 _a(O2)1985/1
_wlcc
_mMAIN
_tBOOK
_lON-SHELF
004 75488
999 _c59733
_d59733